[Event "ThEM 2004"]
[Site "Bad Frankenhausen"]
[Date "2004.04.07"]
[Round "2"]
[White "Jaesche, Thomas"]
[Black "Kirste, Olaf"]
[Result "0-1"]
[WhiteElo "1793"]
[BlackElo "2066"]
[PlyCount "92"]
[EventDate "2004.??.??"]
[EventRounds "9"]
[EventCountry "GER"]

1. e4 c5 2. Nf3 d6 3. d4 cxd4 4. Nxd4 Nf6 5. Bd3 e6 6. O-O Be7 7. c3 a6 8. Qc2
Qc7 9. Bg5 Nbd7 10. Nd2 O-O 11. Bh4 Ne5 12. Bg3 Ng6 13. h3 Bd7 14. f4 Nh5 15.
Bh2 b5 16. f5 Ne5 17. fxe6 fxe6 18. Bxe5 dxe5 19. N4f3 Bc5+ 20. Kh2 Be3 21. g4
Nf4 22. Rae1 Bb6 23. Nh4 Rf7 24. Rf3 Raf8 25. a4 Qd8 26. Ng2 Qg5 27. Ref1 h5
28. Rg3 Rf6 29. h4 Qg6 30. g5 R6f7 31. Nf3 Bc7 32. axb5 Nxd3 33. Qxd3 Bxb5 34.
c4 Bc6 35. Re1 Rd7 36. Qc3 Rd4 37. Nxd4 exd4 38. Qxd4 Rf3 39. e5 Qf5 40. Re2
Rf1 41. Qc5 Qb1 42. Rge3 Bxg2 43. Rxg2 Rh1+ 44. Kg3 Qf5 45. Rge2 Qh3+ 46. Kf2
Rf1# 0-1

[Event "ThEM 2004"]
[Site "Bad Frankenhausen"]
[Date "2004.04.08"]
[Round "2"]
[White "Klaus, Christian"]
[Black "Seidens, Gunter"]
[Result "0-1"]
[WhiteElo "2061"]
[BlackElo "2050"]
[PlyCount "103"]
[EventDate "2004.??.??"]
[EventRounds "9"]
[EventCountry "GER"]

1. e4 d6 2. d4 Nf6 3. Nc3 g6 4. f3 c6 5. a4 Bg7 6. Be3 Qa5 7. Rb1 Na6 8. Qd2
Nb4 9. g4 e5 10. dxe5 dxe5 11. Bc4 O-O 12. Rd1 Bxg4 13. fxg4 Nxg4 14. Bd3 f5
15. Qe2 Nxe3 16. Qxe3 f4 17. Qf3 Bf6 18. h4 Kh8 19. h5 g5 20. Nh3 Na2 21. h6
Nxc3 22. bxc3 Qxc3+ 23. Ke2 Qc5 24. Rb1 b6 25. Rhg1 Rg8 26. Nf2 Rad8 27. Ng4
Be7 28. Ra1 Qc3 29. Rab1 Rgf8 30. Rb3 Qc5 31. Ra1 Qd4 32. Rbb1 Bb4 33. Qf2 f3+
34. Kf1 Qd6 35. Ne3 Bc5 36. Ke1 Qxh6 37. Kd2 g4 38. Rg1 Rg8 39. Rae1 Qf4 40.
Rg3 Rd6 41. Kc1 h5 42. Kb1 Bxe3 43. Rxe3 b5 44. axb5 cxb5 45. Bxb5 Rb8 46. Rb3
Rd1+ 47. Kb2 Qc1+ 48. Kc3 Rd2 49. Qxa7 Rxc2+ 50. Kb4 Qe1+ 51. Ka4 Ra2+ 52. Ra3
0-1

[Event "ThEM 2004"]
[Site "Bad Frankenhausen"]
[Date "2004.04.08"]
[Round "2"]
[White "Manger, Erika"]
[Black "Missbach, Bernd"]
[Result "0-1"]
[WhiteElo "1384"]
[BlackElo "2187"]
[PlyCount "102"]
[EventDate "2004.??.??"]
[EventRounds "9"]
[EventCountry "GER"]

{95MB, K0F2J9} 1. c4 f5 2. d4 Nf6 3. Nc3 g6 4. g3 Bg7 5. Bg2 O-O 6. Nf3 d6 7.
O-O Qe8 8. d5 Na6 9. Rb1 Nc5 10. b3 e5 11. dxe6 Nxe6 12. Bb2 Bd7 13. Nd4 Nxd4
14. Qxd4 Bc6 15. Nd5 Rf7 16. Qd2 Nxd5 17. cxd5 Bb5 18. Rfe1 Bxb2 19. Qxb2 f4
20. Qd2 Qe5 21. e4 f3 22. Bh1 Be2 23. Rxe2 fxe2 24. Qxe2 b6 25. Qe3 g5 26. Bg2
Raf8 27. Rf1 Kh8 28. f3 a5 29. a4 h6 30. Bh3 Qb2 31. Bf5 Re7 32. g4 Qe5 33. f4
gxf4 34. Rxf4 Qxd5 35. Rf1 Qc5 36. Qxc5 bxc5 37. Rd1 Rb8 38. Rd3 Rb4 39. Rc3
Kg7 40. Kf2 Kf6 41. h4 Rg7 42. Kf3 Ke5 43. Ke3 c6 44. h5 Rgb7 45. g5 hxg5 46.
h6 Rxb3 47. Kd3 Rxc3+ 48. Kxc3 Kf6 49. h7 Kg7 50. Kc4 Rb4+ 51. Kc3 Rxa4 0-1

[Event "ThEM 2004"]
[Site "Bad Frankenhausen"]
[Date "2004.04.08"]
[Round "2"]
[White "Moeller, Axel"]
[Black "Siebarth, Raiko"]
[Result "1/2-1/2"]
[WhiteElo "2010"]
[BlackElo "2123"]
[PlyCount "39"]
[EventDate "2004.??.??"]
[EventRounds "9"]
[EventCountry "GER"]

{95MB, K0F2J9} 1. d4 Nf6 2. c4 g6 3. Nc3 Bg7 4. e4 d6 5. f3 O-O 6. Be3 Nbd7 7.
Qd2 a6 8. g4 c5 9. d5 b5 10. cxb5 axb5 11. Bxb5 Ba6 12. g5 Ne8 13. Bxd7 Qxd7
14. h4 Nc7 15. h5 Nb5 16. Nge2 Rab8 17. Rc1 Nd4 18. Bxd4 cxd4 19. Nd1 Qa7 20.
Nf4 1/2-1/2

[Event "ThEM 2004"]
[Site "Bad Frankenhausen"]
[Date "2004.04.07"]
[Round "2"]
[White "Petiko, Jakob"]
[Black "Hannes, Diana"]
[Result "1-0"]
[WhiteElo "2160"]
[BlackElo "1539"]
[PlyCount "73"]
[EventDate "2004.??.??"]
[EventRounds "9"]
[EventCountry "GER"]

1. e4 c5 2. Nc3 Nc6 3. g3 g6 4. Bg2 Bg7 5. d3 d6 6. Be3 e6 7. Qd2 Nge7 8. Bh6
O-O 9. Bxg7 Kxg7 10. Nge2 Rb8 11. O-O b5 12. d4 Qb6 13. d5 Ne5 14. b3 a5 15. h3
c4 16. Kh2 exd5 17. f4 Nd7 18. Nxd5 Nxd5 19. exd5 cxb3 20. axb3 b4 21. Nd4 Ba6
22. Rf2 Bb5 23. f5 Ne5 24. Be4 Bd7 25. f6+ Kh8 26. Qh6 Rg8 27. Rd1 Qd8 28. Rf4
Qf8 29. Qg5 h6 30. Rh4 Kh7 31. Nc6 Bf5 32. Nxe5 dxe5 33. Bxf5 gxf5 34. Qxf5+
Rg6 35. Re1 Qc5 36. Rxe5 Qc3 37. Rxh6+ 1-0

[Event "ThEM 2004"]
[Site "Bad Frankenhausen"]
[Date "2004.04.08"]
[Round "2"]
[White "Schmidt, Matthias"]
[Black "Enders, Peter"]
[Result "0-1"]
[WhiteElo "2096"]
[BlackElo "2470"]
[PlyCount "54"]
[EventDate "2004.??.??"]
[EventRounds "9"]
[EventCountry "GER"]

{95MB, K0F2J9} 1. e4 c5 2. b3 e6 3. Bb2 d5 4. Bb5+ Bd7 5. Qe2 dxe4 6. Bxd7+
Qxd7 7. Qxe4 Nc6 8. Nf3 Nf6 9. Qe2 Nd4 10. Qd3 Rd8 11. Bxd4 cxd4 12. c3 Bc5 13.
O-O O-O 14. b4 Bb6 15. a4 a6 16. a5 Ba7 17. Na3 dxc3 18. Qxd7 Rxd7 19. dxc3
Rfd8 20. c4 Rd3 21. c5 Nd5 22. Nc2 Bb8 23. Rfd1 Nxb4 24. Rxd3 Nxd3 25. Rd1 Bc7
26. c6 bxc6 27. Nfd4 c5 0-1

[Event "ThEM 2004"]
[Site "Bad Frankenhausen"]
[Date "2004.04.07"]
[Round "2"]
[White "Schorch, Rüdiger"]
[Black "Holzschuh, Stephan"]
[Result "1/2-1/2"]
[WhiteElo "1901"]
[BlackElo "2153"]
[PlyCount "54"]
[EventDate "2004.??.??"]
[EventRounds "9"]
[EventCountry "GER"]

1. c4 Nf6 2. Nc3 g6 3. g3 Bg7 4. Bg2 O-O 5. Nf3 Nc6 6. O-O d6 7. d3 e5 8. Rb1
a5 9. a3 Nd7 10. b4 axb4 11. axb4 h6 12. e4 Re8 13. Be3 Nf8 14. Nd5 Bg4 15. h3
Bxf3 16. Bxf3 Ne6 17. Bg2 Ncd4 18. Ra1 c6 19. Bxd4 exd4 20. Nf4 Nxf4 21. gxf4
Rxa1 22. Qxa1 Qh4 23. Qc1 h5 24. f5 gxf5 25. exf5 Kh7 26. Qd1 Re5 27. Qf3 Qg5
1/2-1/2

[Event "ThEM 2004"]
[Site "Bad Frankenhausen"]
[Date "2004.04.08"]
[Round "2"]
[White "Sieber, Stephan"]
[Black "Steinmetzer, Peter"]
[Result "1-0"]
[WhiteElo "2210"]
[BlackElo "2078"]
[PlyCount "61"]
[EventDate "2004.??.??"]
[EventRounds "9"]
[EventCountry "GER"]

{95MB, K0F2J9} 1. e4 Nf6 2. e5 Nd5 3. c4 Nb6 4. d4 d6 5. exd6 exd6 6. Be3 Be7
7. Nf3 Bg4 8. Nbd2 O-O 9. Bd3 Nc6 10. a3 f5 11. h3 Bh5 12. g4 f4 13. gxh5 fxe3
14. fxe3 Bh4+ 15. Ke2 Qe7 16. Qb3 Kh8 17. Bc2 Qe8 18. Qd3 Qxh5 19. Qxh7+ Qxh7
20. Bxh7 Bf6 21. Bg6 d5 22. b3 a5 23. Rag1 dxc4 24. bxc4 Nd7 25. h4 Rfd8 26.
Ng5 Kg8 27. h5 Ne7 28. Bf7+ Kf8 29. Be6 Bxg5 30. Rxg5 Nf6 31. Rf1 1-0

[Event "ThEM 2004"]
[Site "Bad Frankenhausen"]
[Date "2004.04.08"]
[Round "2"]
[White "Steinmetzer, Thomas"]
[Black "Huster, Mike"]
[Result "0-1"]
[WhiteElo "2019"]
[BlackElo "1891"]
[PlyCount "52"]
[EventDate "2004.??.??"]
[EventRounds "9"]
[EventCountry "GER"]

1. e4 d5 2. exd5 Nf6 3. d4 Nxd5 4. Nf3 Bg4 5. Bc4 e6 6. O-O Be7 7. Be3 Nd7 8.
Nbd2 O-O 9. c3 c6 10. Qc2 Qc7 11. Bd3 f5 12. Ng5 Nxe3 13. fxe3 Bxg5 14. e4 Be3+
15. Kh1 Rf6 16. e5 Rh6 17. Nc4 Bg5 18. Qb3 Rf8 19. Nd6 f4 20. Be4 Nb6 21. c4
Be7 22. Qd3 Nd7 23. c5 Bxd6 24. exd6 Qd8 25. Qb3 Qh4 26. h3 Qg3 0-1

[Event "ThEM 2004"]
[Site "Bad Frankenhausen"]
[Date "2004.04.07"]
[Round "2"]
[White "Stridde, Peter"]
[Black "Kirschbaum, Gunnar"]
[Result "0-1"]
[WhiteElo "2074"]
[BlackElo "2200"]
[PlyCount "66"]
[EventDate "2004.??.??"]
[EventRounds "9"]
[EventCountry "GER"]

1. Nc3 d6 2. Nf3 g6 3. d3 Bg7 4. Bd2 c5 5. Qc1 Nc6 6. g3 Rb8 7. Bg2 b5 8. h4 h6
9. h5 g5 10. Nxg5 Bd7 11. Nf3 Nf6 12. Ng1 Nd4 13. e3 Ne6 14. Rh4 b4 15. Nd1 Qc7
16. e4 Bb5 17. Ne3 Nd7 18. Bf1 Nd4 19. f4 e6 20. c3 bxc3 21. bxc3 Nc6 22. Nf3
Ba6 23. Be2 Ke7 24. Kf2 Rb6 25. Rh1 Rhb8 26. g4 Rb2 27. Nd1 R2b7 28. g5 Qb6 29.
f5 hxg5 30. Bxg5+ Bf6 31. Bxf6+ Nxf6 32. Qg5 Rg8 33. Qe3 Ng4+ 0-1

[Event "ThEM 2004"]
[Site "Bad Frankenhausen"]
[Date "2004.04.07"]
[Round "2"]
[White "Taudte, Stefan"]
[Black "Hermann, Ingo"]
[Result "1/2-1/2"]
[WhiteElo "2078"]
[BlackElo "1998"]
[PlyCount "114"]
[EventDate "2004.??.??"]
[EventRounds "9"]
[EventCountry "GER"]

1. d4 d6 2. c4 e5 3. dxe5 dxe5 4. Qxd8+ Kxd8 5. Nc3 Be6 6. e3 Nd7 7. f4 f6 8.
Nf3 Nh6 9. Bd2 c6 10. a3 Kc7 11. b4 Nf7 12. Ne4 Nd6 13. Nxd6 Bxd6 14. Bd3 a5
15. c5 Be7 16. O-O axb4 17. axb4 Bg4 18. fxe5 Bxf3 19. gxf3 Nxe5 20. Be2 f5 21.
e4 Bf6 22. Rxa8 Rxa8 23. exf5 Rd8 24. Be3 Nd3 25. b5 cxb5 26. Rb1 Re8 27. Bxd3
Rxe3 28. Be4 Rc3 29. Rxb5 Bd4+ 30. Kf1 Rxc5 31. Rxb7+ Kd6 32. Ke2 Rc7 33. Rb1
Ke7 34. f6+ Kxf6 35. Bxh7 g6 36. Bg8 Re7+ 37. Kd3 Ba7 38. Bd5 Re3+ 39. Kd2 Re7
40. Be4 Bd4 41. Rb4 Rd7 42. Ke2 Be5 43. h3 Rd6 44. Ke3 g5 45. Bb7 Bg3 46. Bc8
Rc6 47. Bg4 Rc3+ 48. Ke4 Rc6 49. Rb5 Bf4 50. Rf5+ Kg6 51. h4 Bc1 52. h5+ Kg7
53. Rb5 Bf4 54. Rb7+ Rc7 55. Rb6 Re7+ 56. Kd5 Re5+ 57. Kd4 Be3+ 1/2-1/2

[Event "ThEM 2004"]
[Site "Bad Frankenhausen"]
[Date "2004.04.08"]
[Round "2"]
[White "Toepfer, Roland"]
[Black "Seidel, Thomas"]
[Result "1/2-1/2"]
[WhiteElo "1618"]
[BlackElo "2052"]
[PlyCount "85"]
[EventDate "2004.??.??"]
[EventRounds "9"]
[EventCountry "GER"]

{95MB, K0F2J9} 1. c4 e6 2. g3 f5 3. d3 Nf6 4. Bg2 Be7 5. Nf3 O-O 6. Nc3 c6 7.
O-O d6 8. Rb1 a5 9. a3 Nbd7 10. b4 axb4 11. axb4 Ng4 12. h3 Nge5 13. Nd4 Nf6
14. Be3 Ng6 15. Qb3 e5 16. Nf3 Kh8 17. Ra1 Rxa1 18. Rxa1 Nh5 19. Bd2 Nf6 20. b5
c5 21. Qa2 h5 22. Bg5 Nd5 23. Nxd5 Bxg5 24. Qa5 e4 25. Qxd8 Bxd8 26. Ne1 exd3
27. Nxd3 Kg8 28. N3f4 Nxf4 29. Nxf4 g5 30. Bd5+ Kg7 31. Nxh5+ Kg6 32. g4 fxg4
33. hxg4 Bxg4 34. Ng3 b6 35. f3 Bf5 36. Ra7 Kf6 37. Nxf5 Kxf5 38. Rd7 Ke5 39.
Kf2 g4 40. Kg3 gxf3 41. exf3 Bg5 42. Rb7 Bd8 43. Rd7 1/2-1/2

[Event "ThEM 2004"]
[Site "Bad Frankenhausen"]
[Date "2004.04.08"]
[Round "2"]
[White "Vater, Rainer"]
[Black "Siegl, Detlef"]
[Result "1-0"]
[WhiteElo "2138"]
[BlackElo "2013"]
[PlyCount "66"]
[EventDate "2004.??.??"]
[EventRounds "9"]
[EventCountry "GER"]

{95MB, K0F2J9} 1. e4 c5 2. Nc3 Nc6 3. g3 d6 4. d3 Nf6 5. Bg2 g6 6. h3 Bg7 7.
Be3 O-O 8. Nf3 a6 9. O-O Qc7 10. Nh4 Rb8 11. Ne2 b5 12. f4 e6 13. g4 Nd7 14. c3
Bb7 15. f5 exf5 16. gxf5 Qd8 17. Qd2 Bf6 18. Nf3 Nce5 19. Ng3 Nxf3+ 20. Bxf3
Ne5 21. Bg2 Nc6 22. Bh6 Re8 23. Qf2 Be5 24. f6 Re6 25. Bg7 b4 26. Ne2 bxc3 27.
bxc3 a5 28. d4 cxd4 29. cxd4 Nxd4 30. Nxd4 Qb6 31. Nxe6 Qxf2+ 32. Rxf2 Bxa1 33.
Rf1 Be5 1-0

[Event "ThEM 2004"]
[Site "Bad Frankenhausen"]
[Date "2004.04.08"]
[Round "3"]
[White "Enders, Peter"]
[Black "Petiko, Jakob"]
[Result "1-0"]
[WhiteElo "2470"]
[BlackElo "2160"]
[PlyCount "65"]
[EventDate "2004.??.??"]
[EventRounds "9"]
[EventCountry "GER"]

1. e4 e5 2. Nf3 d6 3. d4 Nf6 4. Nc3 Nbd7 5. Bc4 Be7 6. O-O O-O 7. a4 c6 8. Qe2
b6 9. Rd1 Qc7 10. Bg5 Bb7 11. Bxf6 Nxf6 12. d5 cxd5 13. Nxd5 Nxd5 14. Bxd5 Bxd5
15. Rxd5 a6 16. c3 g6 17. Nd2 f5 18. exf5 gxf5 19. Qc4 Qxc4 20. Nxc4 b5 21. Nb6
Rab8 22. Nd7 b4 23. Nxf8 Kxf8 24. f4 Kf7 25. fxe5 Ke6 26. exd6 Kxd5 27. dxe7
bxc3 28. bxc3 Kd6 29. Re1 Kd7 30. e8=Q+ Rxe8 31. Rxe8 Kxe8 32. Kf2 Kd7 33. Ke3
1-0

[Event "ThEM 2004"]
[Site "Bad Frankenhausen"]
[Date "2004.04.07"]
[Round "3"]
[White "Grube, Peter"]
[Black "Deuter, Lutz"]
[Result "0-1"]
[WhiteElo "1507"]
[BlackElo "2070"]
[PlyCount "90"]
[EventDate "2004.??.??"]
[EventRounds "9"]
[EventCountry "GER"]

1. e4 e6 2. d4 d5 3. Nc3 Nf6 4. e5 Nfd7 5. Nf3 c5 6. Be3 cxd4 7. Bxd4 Nc6 8.
Bb5 a6 9. Be2 Be7 10. O-O O-O 11. Bd3 Nxd4 12. Bxh7+ Kxh7 13. Qxd4 Rh8 14. Ne2
Kg8 15. Rad1 Qc7 16. Ng3 b5 17. c3 Qc4 18. b3 Qxd4 19. cxd4 Bb7 20. Rc1 Bd8 21.
Rc2 Kf8 22. Rfc1 Ke7 23. Ne2 Ba5 24. Nf4 Rac8 25. g3 Rxc2 26. Rxc2 Rc8 27. Rxc8
Bxc8 28. Nd3 Bc3 29. h4 b4 30. g4 a5 31. Kf1 Ba6 32. Ke2 a4 33. Ke3 axb3 34.
axb3 Bxd3 35. Kxd3 Nb8 36. Ng1 Nc6 37. Ne2 Be1 38. Ke3 f6 39. exf6+ Kxf6 40. h5
Kg5 41. f3 Na5 42. Nc1 Bg3 43. Nd3 Bd6 44. Nc5 Bxc5 45. dxc5 e5 0-1

[Event "ThEM 2004"]
[Site "Bad Frankenhausen"]
[Date "2004.04.08"]
[Round "3"]
[White "Gulich, Christian"]
[Black "Moeller, Axel"]
[Result "1/2-1/2"]
[WhiteElo "2104"]
[BlackElo "2010"]
[PlyCount "51"]
[EventDate "2004.??.??"]
[EventRounds "9"]
[EventCountry "GER"]

{95MB, K0F2J9} 1. e4 e6 2. d4 d5 3. Nc3 Nf6 4. Bg5 Be7 5. e5 Nfd7 6. Bxe7 Qxe7
7. f4 O-O 8. Nf3 c5 9. Qd2 f6 10. exf6 Qxf6 11. g3 Nc6 12. O-O-O a6 13. Bh3
cxd4 14. Nxd4 Nb6 15. Nf3 Nc4 16. Qe2 b5 17. f5 exf5 18. Rxd5 Nb4 19. Rd4 Bb7
20. Rhd1 Rae8 21. Qf2 Re3 22. Rxc4 Rxf3 23. Qa7 Rxc3 24. Rxb4 Rc7 25. Bg2 Ra8
26. Qf2 1/2-1/2

[Event "ThEM 2004"]
[Site "Bad Frankenhausen"]
[Date "2004.04.07"]
[Round "3"]
[White "Hannes, Diana"]
[Black "Stridde, Peter"]
[Result "0-1"]
[WhiteElo "1539"]
[BlackElo "2074"]
[PlyCount "56"]
[EventDate "2004.??.??"]
[EventRounds "9"]
[EventCountry "GER"]

1. e4 Nc6 2. Nf3 f5 3. e5 d6 4. exd6 exd6 5. d4 Nf6 6. Nc3 Be7 7. Bc4 d5 8. Bb5
O-O 9. O-O Ne4 10. Ne2 Bf6 11. c3 Ne7 12. Bf4 c6 13. Bd3 Ng6 14. Bg3 Qe7 15. h3
Be6 16. Bh2 Rae8 17. Ng3 Qd7 18. Re1 Be7 19. Be2 Bd6 20. Nf1 f4 21. N3d2 Bf5
22. Bf3 Re7 23. Re2 Rfe8 24. Qb3 Kh8 25. Rae1 Nh4 26. Qd1 b5 27. Bxe4 dxe4 28.
Kh1 Bxh3 0-1

[Event "ThEM 2004"]
[Site "Bad Frankenhausen"]
[Date "2004.04.07"]
[Round "3"]
[White "Hermann, Ingo"]
[Black "Schmidt, Matthias"]
[Result "1/2-1/2"]
[WhiteElo "1998"]
[BlackElo "2096"]
[PlyCount "87"]
[EventDate "2004.??.??"]
[EventRounds "9"]
[EventCountry "GER"]

1. e4 e6 2. d4 d5 3. exd5 exd5 4. Bd3 Bd6 5. Nf3 Ne7 6. Bg5 f6 7. Bh4 O-O 8.
O-O Nf5 9. Bg3 Bxg3 10. hxg3 Nd6 11. Nbd2 Bf5 12. Bxf5 Nxf5 13. c3 c6 14. Qc2
Qd7 15. Rfe1 Na6 16. Re2 Rae8 17. Rae1 Rxe2 18. Rxe2 Nc7 19. Nf1 Nd6 20. N3d2
g6 21. f3 Kf7 22. Kf2 h5 23. Nb3 b6 24. Nc1 Ne6 25. Nd3 Nf5 26. Qd2 Qd6 27. Nf4
Nxf4 28. Qxf4 Qxf4 29. gxf4 h4 30. b3 Rh8 31. Nh2 Ng3 32. Re3 Nh5 33. f5 gxf5
34. c4 dxc4 35. bxc4 Nf4 36. Nf1 Rd8 37. Ra3 Rd7 38. Ne3 Kg6 39. d5 cxd5 40.
Nxd5 Nxd5 41. cxd5 Rxd5 42. Rxa7 Ra5 43. Rxa5 bxa5 44. Kg1 1/2-1/2

[Event "ThEM 2004"]
[Site "Bad Frankenhausen"]
[Date "2004.04.08"]
[Round "3"]
[White "Holzschuh, Stephan"]
[Black "Seidens, Gunter"]
[Result "1/2-1/2"]
[WhiteElo "2153"]
[BlackElo "2050"]
[PlyCount "43"]
[EventDate "2004.??.??"]
[EventRounds "9"]
[EventCountry "GER"]

1. e4 d5 2. exd5 Nf6 3. c4 c6 4. d4 cxd5 5. Nc3 e6 6. c5 Be7 7. Nf3 O-O 8. Bd3
b6 9. b4 a5 10. Na4 bxc5 11. bxc5 Ba6 12. O-O Bxd3 13. Qxd3 Nc6 14. Rb1 Ne4 15.
Nd2 Nxd2 16. Bxd2 e5 17. dxe5 Nxe5 18. Qg3 Nc4 19. Bf4 Rc8 20. Bh6 Bf6 21. Rfd1
Kh8 22. Bf4 1/2-1/2

[Event "ThEM 2004"]
[Site "Bad Frankenhausen"]
[Date "2004.04.07"]
[Round "3"]
[White "Huster, Mike"]
[Black "Vater, Rainer"]
[Result "1-0"]
[WhiteElo "1891"]
[BlackElo "2138"]
[PlyCount "41"]
[EventDate "2004.??.??"]
[EventRounds "9"]
[EventCountry "GER"]

1. d4 d5 2. Nf3 Nf6 3. c4 c6 4. g3 e6 5. Bg2 Bd6 6. Nc3 Nbd7 7. O-O O-O 8. Qc2
Re8 9. e4 dxe4 10. Ng5 Bf8 11. Ngxe4 g6 12. Bg5 h6 13. Bf4 Nxe4 14. Qxe4 Nf6
15. Qe3 Ng4 16. Qe2 Qxd4 17. Qxg4 g5 18. Rfd1 Qxc4 19. Ne4 Bg7 20. Bxg5 Kh8 21.
Qh5 1-0

[Event "ThEM 2004"]
[Site "Bad Frankenhausen"]
[Date "2004.04.08"]
[Round "3"]
[White "Kirste, Olaf"]
[Black "Manger, Erika"]
[Result "1-0"]
[WhiteElo "2066"]
[BlackElo "1384"]
[PlyCount "77"]
[EventDate "2004.??.??"]
[EventRounds "9"]
[EventCountry "GER"]

{95MB, K0F2J9} 1. c4 c5 2. Nc3 Nc6 3. Nf3 Nf6 4. e3 g6 5. Be2 Bg7 6. O-O O-O 7.
d4 cxd4 8. Nxd4 Nxd4 9. Qxd4 d6 10. Rd1 Ng4 11. Qd2 Be6 12. Qe1 Rc8 13. b3 a6
14. Bd2 Rc7 15. Rac1 Ne5 16. Na4 Nc6 17. Nb6 Qb8 18. a4 Rd8 19. Bf3 Ne5 20. Be2
Rc6 21. Ba5 Re8 22. h3 Nd7 23. Nxd7 Bxd7 24. Bf3 Rcc8 25. c5 Bc6 26. cxd6 exd6
27. Bd5 Bxd5 28. Rxd5 b6 29. Bb4 Red8 30. Rcd1 Rc6 31. Qe2 a5 32. Qb5 Qc7 33.
Ba3 Bf8 34. e4 Be7 35. e5 Kf8 36. exd6 Bxd6 37. Rxd6 Rcxd6 38. Rxd6 Rxd6 39.
Qe5 1-0

[Event "ThEM 2004"]
[Site "Bad Frankenhausen"]
[Date "2004.04.08"]
[Round "3"]
[White "Klaus, Christian"]
[Black "Toepfer, Roland"]
[Result "1-0"]
[WhiteElo "2061"]
[BlackElo "1618"]
[PlyCount "73"]
[EventDate "2004.??.??"]
[EventRounds "9"]
[EventCountry "GER"]

1. e4 e6 2. d3 d5 3. Nd2 Nf6 4. Ngf3 Be7 5. c3 c5 6. Be2 Nc6 7. O-O Qc7 8. Rb1
O-O 9. Re1 Rd8 10. Qc2 b6 11. Bf1 Bb7 12. g3 Rac8 13. Nh4 dxe4 14. dxe4 Ne5 15.
f4 Ng6 16. Nhf3 Nxf4 17. e5 Bxf3 18. Nxf3 Nd3 19. Bxd3 c4 20. Bf1 Ng4 21. h3
Bc5+ 22. Kg2 Nf2 23. Bxc4 Qc6 24. b4 Be7 25. Ba6 Nd3 26. Bxd3 Qxc3 27. Bxh7+
Kh8 28. Qxc3 Rxc3 29. Be4 Rc4 30. a3 f5 31. exf6 Bxf6 32. Bb2 Bxb2 33. Rxb2 Rc3
34. Ng5 Re8 35. Bg6 Re7 36. Rf1 Rcc7 37. Rf8# 1-0

[Event "ThEM 2004"]
[Site "Bad Frankenhausen"]
[Date "2004.04.08"]
[Round "3"]
[White "Kraemer, Martin"]
[Black "Goemann, Jens"]
[Result "1-0"]
[WhiteElo "2243"]
[BlackElo "2198"]
[PlyCount "53"]
[EventDate "2004.??.??"]
[EventRounds "9"]
[EventCountry "GER"]

{95MB, K0F2J9} 1. Nf3 Nf6 2. g3 g6 3. Bg2 Bg7 4. O-O O-O 5. d4 d6 6. Nc3 d5 7.
Ne5 c6 8. h3 Nbd7 9. f4 a5 10. a4 Qb6 11. Kh2 e6 12. b3 Re8 13. Ba3 Nxe5 14.
fxe5 Nd7 15. e4 f5 16. exf6 Bxf6 17. e5 Be7 18. Bxe7 Rxe7 19. Qg4 Nf8 20. Rf6
Bd7 21. Raf1 Rae8 22. Ne2 Bc8 23. Nf4 Rg7 24. Qf3 Qd8 25. h4 Qe7 26. Bh3 h6 27.
Qd3 1-0

[Event "ThEM 2004"]
[Site "Bad Frankenhausen"]
[Date "2004.04.07"]
[Round "3"]
[White "Missbach, Bernd"]
[Black "Sieber, Stephan"]
[Result "1-0"]
[WhiteElo "2187"]
[BlackElo "2210"]
[PlyCount "91"]
[EventDate "2004.??.??"]
[EventRounds "9"]
[EventCountry "GER"]

1. e4 c5 2. Nf3 e6 3. d4 cxd4 4. Nxd4 Nf6 5. Bd3 Nc6 6. Nxc6 bxc6 7. O-O Qc7 8.
Qe2 d5 9. exd5 cxd5 10. Nc3 Bd6 11. Nb5 Qb8 12. Nxd6+ Qxd6 13. Re1 O-O 14. Bg5
Nd7 15. Qh5 g6 16. Qh4 Qb6 17. Be3 Qxb2 18. Bd4 Qb4 19. c3 Qd6 20. f4 f6 21.
Qg4 f5 22. Qg5 Nc5 23. Re3 Ne4 24. Bxe4 fxe4 25. Rf1 Ba6 26. Rf2 Rab8 27. h4
Rf5 28. Qh6 Rb1+ 29. Kh2 Qe7 30. g4 Rf8 31. Be5 Rf7 32. Kg2 Qa3 33. Kg3 Qc1 34.
f5 Qh1 35. Kf4 Rf1 36. Rxf1 Qxf1+ 37. Kg5 exf5 38. h5 fxg4 39. hxg6 Rf5+ 40.
Kxg4 Be2+ 41. Rxe2 Qxe2+ 42. Kxf5 Qf1+ 43. Bf4 hxg6+ 44. Kxg6 Qa6+ 45. Kf5 Qxa2
46. Qe6+ 1-0

[Event "ThEM 2004"]
[Site "Bad Frankenhausen"]
[Date "2004.04.08"]
[Round "3"]
[White "Schneider, Christian"]
[Black "Buring, Matthias"]
[Result "1/2-1/2"]
[WhiteElo "1783"]
[BlackElo "2121"]
[PlyCount "54"]
[EventDate "2004.??.??"]
[EventRounds "9"]
[EventCountry "GER"]

1. d4 d5 2. c4 c6 3. Nc3 e6 4. Nf3 f5 5. Bf4 Nf6 6. e3 Be7 7. Bd3 O-O 8. O-O
Ne4 9. Bxe4 fxe4 10. Ne5 Nd7 11. c5 Qe8 12. b4 Bf6 13. Nxd7 Bxd7 14. Bd6 Rf7
15. Rb1 e5 16. dxe5 Bxe5 17. Bxe5 Qxe5 18. Qd4 Qg5 19. Ne2 h5 20. Nf4 Bg4 21.
Kh1 Re8 22. f3 Bf5 23. Rb2 Qh6 24. Rg1 g5 25. Ne2 exf3 26. gxf3 Bg6 27. Nf4
gxf4 1/2-1/2

[Event "ThEM 2004"]
[Site "Bad Frankenhausen"]
[Date "2004.04.08"]
[Round "3"]
[White "Seidel, Thomas"]
[Black "Taudte, Stefan"]
[Result "1/2-1/2"]
[WhiteElo "2052"]
[BlackElo "2078"]
[PlyCount "53"]
[EventDate "2004.??.??"]
[EventRounds "9"]
[EventCountry "GER"]

{95MB, K0F2J9} 1. e4 e6 2. d4 d5 3. Nd2 Nc6 4. c3 e5 5. Ngf3 exd4 6. Nxd4 Nxd4
7. cxd4 dxe4 8. Nxe4 Bb4+ 9. Nc3 Qe7+ 10. Be2 Bg4 11. Be3 Bxe2 12. Qxe2 c6 13.
O-O f5 14. Qf3 Qf7 15. Bg5 Ne7 16. Bxe7 Bxe7 17. d5 cxd5 18. Nxd5 O-O 19. Nxe7+
Qxe7 20. Rfe1 Qb4 21. Qd5+ Kh8 22. Qe5 h6 23. h3 Rf7 24. a3 Qb6 25. Rad1 Rd8
26. Rxd8+ Qxd8 27. Qe8+ 1/2-1/2

[Event "ThEM 2004"]
[Site "Bad Frankenhausen"]
[Date "2004.04.08"]
[Round "3"]
[White "Siebarth, Raiko"]
[Black "Liebisch, Dieter"]
[Result "1-0"]
[WhiteElo "2123"]
[BlackElo "1916"]
[PlyCount "79"]
[EventDate "2004.??.??"]
[EventRounds "9"]
[EventCountry "GER"]

1. e4 Nf6 2. e5 Nd5 3. c4 Nb6 4. d4 d6 5. exd6 exd6 6. Nc3 Be7 7. Be3 N8d7 8.
Bd3 Nf6 9. f3 d5 10. c5 Nbd7 11. Nge2 c6 12. O-O O-O 13. Ng3 Re8 14. Nf5 Bf8
15. Qd2 b6 16. b4 bxc5 17. bxc5 Qa5 18. Rad1 Ba6 19. Bf4 g6 20. Nd6 Re6 21. Bg3
Nh5 22. Bxa6 Nxg3 23. hxg3 Qxa6 24. Rfe1 Bxd6 25. Rxe6 fxe6 26. cxd6 Qa3 27.
Re1 Qxd6 28. Ne2 c5 29. Nf4 Re8 30. dxc5 Qxc5+ 31. Kh2 Qd6 32. Nxd5 Rd8 33. Qa5
Rf8 34. Nc3 Rf5 35. Qd8+ Kg7 36. Ne4 Rh5+ 37. Kg1 Qd4+ 38. Nf2 Qd6 39. Rc1 a6
40. Rc8 1-0

[Event "ThEM 2004"]
[Site "Bad Frankenhausen"]
[Date "2004.04.08"]
[Round "3"]
[White "Siegl, Detlef"]
[Black "Steinmetzer, Thomas"]
[Result "0-1"]
[WhiteElo "2013"]
[BlackElo "2019"]
[PlyCount "64"]
[EventDate "2004.??.??"]
[EventRounds "9"]
[EventCountry "GER"]

{95MB, K0F2J9} 1. e4 e5 2. Nf3 Nc6 3. Bb5 a6 4. Ba4 Nf6 5. O-O Be7 6. Re1 b5 7.
Bb3 O-O 8. c3 d5 9. exd5 Nxd5 10. Nxe5 Nxe5 11. Rxe5 c6 12. d4 Bd6 13. Re1 Qh4
14. g3 Qh3 15. Bxd5 cxd5 16. Be3 Bg4 17. Qd3 Rae8 18. Nd2 f5 19. f4 Re6 20. Qf1
Qh5 21. a4 bxa4 22. Rxa4 Qe8 23. Rxa6 Rxe3 24. Rxe3 Qxe3+ 25. Qf2 Qxf2+ 26.
Kxf2 Be7 27. Re6 Kf7 28. Re5 Re8 29. Nf1 Bf6 30. Re1 g5 31. Ne3 gxf4 32. gxf4
Bh4+ 0-1